[Event "I Hotel Nazari GM 2014"]
[Site "Granada ESP"]
[Date "2014.04.18"]
[Round "6.5"]
[White "Piasetski, Leon"]
[Black "Pilgaard, Kim"]
[Result "1-0"]
[WhiteTitle "IM"]
[BlackTitle "IM"]
[WhiteElo "2293"]
[BlackElo "2384"]
[WhiteFideId "2600072"]
[BlackFideId "1400657"]
[EventDate "2014.04.15"]

1. Nf3 d5 2. d4 Nf6 3. c4 e6 4. Nc3 Be7 5. Bg5 h6 6. Bh4 O-O 7. Rc1 b6 8. e3 Bb7
9. Bxf6 Bxf6 10. cxd5 exd5 11. Be2 c5 12. O-O Nd7 13. dxc5 Nxc5 14. Nd4 Ne4 15.
Qa4 a6 16. Rfd1 b5 17. Qb3 Nc5 18. Qb4 Ne6 19. Nxe6 fxe6 20. Bg4 Re8 21. Ne4 Be5
22. Nc5 Bc8 23. f4 Bd6 24. Qd4 Kh8 25. Bf3 Rb8 26. b4 a5 27. a3 axb4 28. axb4
Bd7 29. g3 Qe7 30. e4 Bxc5 31. Qxc5 Qf7 32. Qd6 Rbc8 33. exd5 Rxc1 34. Rxc1 exd5
35. Rc7 Re7 36. Bg4 Bxg4 37. Rxe7 Qf5 38. Qe5 Qb1+ 39. Qe1 Qc2 40. Qa1 Qg6 41.
f5 Bxf5 42. Qa8+ Kh7 43. Qxd5 Qb6+ 44. Kg2 Qf6 45. Qe5 Qc6+ 46. Kf2 Qc2+ 47. Qe2
Qc6 48. g4 Bxg4 49. Qe4+ Qxe4 50. Rxe4 Bf5 51. Re5 Bd3 52. Ke3 Bc4 53. Rc5 Bf1
54. Rc1 Bh3 55. Kd4 Bg4 56. Re1 Bf5 57. Re5 Bd7 58. Kc5 1-0

[Event "I Hotel Nazari GM 2014"]
[Site "Granada ESP"]
[Date "2014.04.19"]
[Round "7.1"]
[White "Pilgaard, Kim"]
[Black "Camacho Collados, Jose"]
[Result "1/2-1/2"]
[WhiteTitle "IM"]
[BlackTitle "IM"]
[WhiteElo "2384"]
[BlackElo "2388"]
[WhiteFideId "1400657"]
[BlackFideId "2265427"]
[EventDate "2014.04.15"]

1. d4 Nf6 2. c4 b6 3. Nc3 Bb7 4. Qc2 g6 5. e4 d6 6. f3 Bg7 7. Be3 c5 8. d5 a6 9.
Nh3 O-O 10. a4 e6 11. Be2 Re8 12. Rd1 exd5 13. cxd5 Nbd7 14. O-O h6 15. Nf2 g5
16. f4 gxf4 17. Bxf4 Ne5 18. Bg3 Bc8 19. h3 Ra7 20. Rde1 Rae7 21. Nfd1 Ng6 22.
Bf3 Nh7 23. Ne3 Be5 24. Qf2 Kh8 25. Kh2 Rg8 26. Bg4 Bxg3+ 27. Qxg3 Ne5 28. Qh4
Bxg4 29. Nxg4 Nxg4+ 30. hxg4 Qf8 31. Rf5 Rg5 32. Qg3 Re5 33. Ref1 Qg8 34. Rxf7
Rxg4 35. Qh3 Rxg2+ 36. Qxg2 Rh5+ 37. Kg1 Rg5 38. R7f2 Qg7 39. Kh1 Rh5+ 40. Kg1
Rg5 41. Kh1 Rxg2 42. Rxg2 Ng5 43. Rgf2 Qg6 44. Rf4 Qh5+ 45. Kg2 Qh3+ 46. Kg1 Kh7
47. R1f2 Qe3 48. Kg2 h5 49. Kf1 Qd3+ 50. Ke1 Qe3+ 51. Kf1 b5 52. axb5 axb5 53.
Rf5 b4 54. Rg2 bxc3 55. Rfxg5 Kh6 56. Rg6+ Kh7 57. Rg7+ Kh8 58. Rg8+ Kh7 59.
R8g7+ Kh8 1/2-1/2

[Event "I Hotel Nazari GM 2014"]
[Site "Granada ESP"]
[Date "2014.04.19"]
[Round "7.2"]
[White "Moreno Trujillo, Alejandro"]
[Black "Piasetski, Leon"]
[Result "1/2-1/2"]
[WhiteTitle "IM"]
[BlackTitle "IM"]
[WhiteElo "2533"]
[BlackElo "2293"]
[WhiteFideId "2217880"]
[BlackFideId "2600072"]
[EventDate "2014.04.15"]

1. d4 d5 2. c4 e6 3. Nc3 Nf6 4. cxd5 exd5 5. Bg5 Be7 6. e3 c6 7. Bd3 Nbd7 8.
Nge2 Nf8 9. f3 Ne6 10. Bh4 O-O 11. O-O c5 12. Kh1 a6 13. dxc5 Nxc5 14. Bc2 Be6
15. Nf4 h6 16. Qd2 Qb6 17. Bxf6 Bxf6 18. Nfxd5 Bxd5 19. Nxd5 Qxb2 20. Rab1 Qe5
21. f4 Qh5 22. Nxf6+ gxf6 23. g4 Qh3 24. Qe2 Rad8 25. Rf3 Rd2 26. Qxd2 Qxf3+ 27.
Qg2 Qxe3 28. g5 fxg5 29. fxg5 Qxg5 30. Qf3 Qe5 31. Rd1 Re8 32. Rf1 Re7 33. Qg4+
Kf8 34. Qg2 Qe2 35. Rf2 Qe1+ 36. Rf1 Qe2 37. Rf2 Qe1+ 1/2-1/2

[Event "I Hotel Nazari GM 2014"]
[Site "Granada ESP"]
[Date "2014.04.19"]
[Round "7.4"]
[White "Camacho Collados, Marcos"]
[Black "Ninov, Nikolai"]
[Result "1-0"]
[BlackTitle "GM"]
[WhiteElo "2417"]
[BlackElo "2462"]
[WhiteFideId "2266237"]
[BlackFideId "2900424"]
[EventDate "2014.04.15"]

1. e4 c5 2. d3 Nc6 3. g3 d5 4. Nd2 g6 5. Bg2 e6 6. Ngf3 Bg7 7. O-O Nge7 8. Re1
Qc7 9. exd5 exd5 10. Nb3 b6 11. Bf4 Qd8 12. d4 c4 13. Nc1 O-O 14. Qd2 Nf5 15.
Ne2 Be6 16. h3 f6 17. g4 Nd6 18. Nc3 Bf7 19. Nh2 g5 20. Be3 Nc8 21. f4 gxf4 22.
Bxf4 f5 23. gxf5 Nxd4 24. Bg5 Qd6 25. f6 Bxf6 26. Bxf6 Qxf6 27. Nxd5 Qg7 28.
Nf6+ Qxf6 29. Bxa8 Kh8 30. Bg2 Bg6 31. Rf1 Nf5 32. c3 Nce7 33. Rae1 Bh5 34. Ng4
Qg7 35. Ne3 b5 36. Nxf5 Nxf5 37. Qd5 Qg6 38. Qxb5 Rd8 39. Rxf5 1-0

[Event "I Hotel Nazari GM 2014"]
[Site "Granada ESP"]
[Date "2014.04.19"]
[Round "7.5"]
[White "Ibarra Jerez, Jose Carlos"]
[Black "Trent, Lawrence"]
[Result "1-0"]
[WhiteTitle "GM"]
[BlackTitle "IM"]
[WhiteElo "2522"]
[BlackElo "2468"]
[WhiteFideId "2226332"]
[BlackFideId "408638"]
[EventDate "2014.04.15"]

1. d4 f5 2. Nc3 d5 3. Bf4 c6 4. e3 Nf6 5. Bd3 e6 6. Nf3 Be7 7. h3 O-O 8. O-O c5
9. dxc5 Nc6 10. Nb5 Bxc5 11. c4 a6 12. Nbd4 Nb4 13. Be2 dxc4 14. Bxc4 Nbd5 15.
Be5 Ne4 16. Rc1 Kh8 17. Qd3 Bd6 18. Bxd6 Qxd6 19. Nxf5 Rxf5 20. Qxe4 Nf6 21. Qd4
Qe7 22. Rfd1 Bd7 23. Ne5 Be8 24. f4 Nd5 25. Bxd5 exd5 26. Qxd5 Rf6 27. a3 Ba4
28. Rd4 Bc6 29. Qc5 Qe8 30. Rcd1 Rc8 31. Qa5 Rf8 32. Kh2 h6 33. Rd8 Qe6 34. R1d6
Qb3 35. Ng6+ Kg8 36. Nxf8 Qxe3 37. Qd2 1-0

[Event "I Hotel Nazari GM 2014"]
[Site "Granada ESP"]
[Date "2014.04.19"]
[Round "8.1"]
[White "Camacho Collados, Jose"]
[Black "Trent, Lawrence"]
[Result "1/2-1/2"]
[WhiteTitle "IM"]
[BlackTitle "IM"]
[WhiteElo "2388"]
[BlackElo "2468"]
[WhiteFideId "2265427"]
[BlackFideId "408638"]
[EventDate "2014.04.15"]

1. Nf3 d6 2. d4 Nf6 3. g3 g6 4. Bg2 Bg7 5. O-O O-O 6. a4 d5 7. c3 c6 8. Nbd2 e5
9. Re1 Bf5 10. Nh4 Be6 11. e4 dxe4 12. Nxe4 Nxe4 13. Bxe4 1/2-1/2

[Event "I Hotel Nazari GM 2014"]
[Site "Granada ESP"]
[Date "2014.04.19"]
[Round "8.3"]
[White "Rodriguez Guerrero, Enrique"]
[Black "Camacho Collados, Marcos"]
[Result "1/2-1/2"]
[WhiteTitle "GM"]
[WhiteElo "2432"]
[BlackElo "2417"]
[WhiteFideId "2216892"]
[BlackFideId "2266237"]
[EventDate "2014.04.15"]

1. d4 Nf6 2. c4 g6 3. Nc3 d5 4. cxd5 Nxd5 5. e4 Nxc3 6. bxc3 Bg7 7. Bc4 O-O 8.
Ne2 c5 9. O-O Nc6 10. Be3 cxd4 11. cxd4 Bg4 12. f3 Na5 13. Bd3 Be6 14. d5 Bxa1
15. Qxa1 f6 16. Qd4 Bd7 17. e5 1/2-1/2

[Event "I Hotel Nazari GM 2014"]
[Site "Granada ESP"]
[Date "2014.04.19"]
[Round "8.5"]
[White "Pilgaard, Kim"]
[Black "Moreno Trujillo, Alejandro"]
[Result "1/2-1/2"]
[WhiteTitle "IM"]
[BlackTitle "IM"]
[WhiteElo "2384"]
[BlackElo "2533"]
[WhiteFideId "1400657"]
[BlackFideId "2217880"]
[EventDate "2014.04.15"]

1. e4 e6 2. d4 d5 3. Nc3 Bb4 4. exd5 exd5 5. Bd3 c6 6. Ne2 Nf6 7. O-O O-O 8. Ng3
Bg4 9. f3 Bh5 10. Nce2 Bg6 11. c3 Bd6 12. Bf4 Re8 13. Re1 Qc7 14. Qd2 Bxd3 15.
Bxd6 Qxd6 16. Qxd3 g6 17. Qd2 Nbd7 18. Nf4 Nb6 19. b3 Nfd7 20. Nd3 f6 21. Re2
Rxe2 22. Qxe2 Rf8 23. Re1 Nc8 24. Nh1 Rf7 25. Qe8+ Qf8 26. Nhf2 Qxe8 27. Rxe8+
Rf8 28. Re2 Kf7 29. Kf1 Re8 30. Nd1 Rxe2 1/2-1/2

[Event "I Hotel Nazari GM 2014"]
[Site "Granada ESP"]
[Date "2014.04.20"]
[Round "9.1"]
[White "Moreno Trujillo, Alejandro"]
[Black "Camacho Collados, Jose"]
[Result "1-0"]
[WhiteTitle "IM"]
[BlackTitle "IM"]
[WhiteElo "2533"]
[BlackElo "2388"]
[WhiteFideId "2217880"]
[BlackFideId "2265427"]
[EventDate "2014.04.15"]

1. d4 Nf6 2. c4 g6 3. Nc3 d5 4. cxd5 Nxd5 5. e4 Nxc3 6. bxc3 Bg7 7. Nf3 O-O 8.
Rb1 b6 9. Be3 Bb7 10. Bd3 Nd7 11. e5 f6 12. Qb3+ Kh8 13. e6 Bxf3 14. gxf3 Nc5
15. dxc5 Qxd3 16. Rd1 Qf5 17. Qd5 Qc2 18. O-O Qxc3 19. Rd3 Qb4 20. Rfd1 f5 21.
Qxa8 Rxa8 22. Rd8+ Rxd8 23. Rxd8+ Bf8 24. Bh6 Qe1+ 25. Kg2 Qxe6 26. Rxf8+ Qg8
27. c6 e6 28. Kf1 Qxf8 29. Bxf8 Kg8 30. Bd6 Kf7 31. Bxc7 Ke7 32. f4 h6 33. h4 1-0

[Event "I Hotel Nazari GM 2014"]
[Site "Granada ESP"]
[Date "2014.04.20"]
[Round "9.3"]
[White "Camacho Collados, Marcos"]
[Black "Piasetski, Leon"]
[Result "1-0"]
[BlackTitle "IM"]
[WhiteElo "2417"]
[BlackElo "2293"]
[WhiteFideId "2266237"]
[BlackFideId "2600072"]
[EventDate "2014.04.15"]

1. Nf3 Nf6 2. d4 d5 3. e3 g6 4. c4 c6 5. cxd5 cxd5 6. Bd3 Bg7 7. Nc3 O-O 8. O-O
Nc6 9. Bd2 Bg4 10. h3 Bxf3 11. Qxf3 e5 12. dxe5 Nxe5 13. Qe2 Qb6 14. b3 Nxd3 15.
Qxd3 Qa6 16. Qxa6 bxa6 17. Rac1 Rfc8 18. Rfd1 Bf8 19. Ne2 Ba3 20. Rxc8+ Rxc8 21.
Nd4 Ne4 22. Be1 Nc3 23. Bxc3 Rxc3 24. Kf1 Kf8 25. Ke2 Ke7 26. Rd2 f6 27. h4 Bb4
28. Rd1 Bc5 29. Kf3 Bxd4 30. Rxd4 Ke6 31. Rb4 Rc7 32. g4 h5 33. gxh5 gxh5 34.
Ra4 Rc6 35. Kf4 Rb6 36. f3 Rc6 37. Ra5 Rb6 38. e4 dxe4 39. fxe4 Kf7 40. Rxh5 Kg6
41. Rh8 a5 42. Rg8+ Kh7 43. Rc8 a4 44. bxa4 Ra6 45. Rc4 Ra5 46. Ke3 Rh5 47. Rc7+
Kg6 48. Rxa7 Rxh4 49. Ra6 Rh3+ 50. Kd4 Kf7 51. Rb6 Ra3 52. Rb4 Ke6 53. Kc5 Rxa2
54. Kb6 f5 55. exf5+ Kxf5 56. a5 Rh2 57. a6 Rh6+ 58. Ka5 Rh1 1-0

[Event "I Hotel Nazari GM 2014"]
[Site "Granada ESP"]
[Date "2014.04.20"]
[Round "9.4"]
[White "Ibarra Jerez, Jose Carlos"]
[Black "Rodriguez Guerrero, Enrique"]
[Result "1-0"]
[WhiteTitle "GM"]
[BlackTitle "GM"]
[WhiteElo "2522"]
[BlackElo "2432"]
[WhiteFideId "2226332"]
[BlackFideId "2216892"]
[EventDate "2014.04.15"]

1. e4 c5 2. c3 g6 3. Nf3 Bg7 4. d4 cxd4 5. Bc4 d3 6. Qb3 e6 7. Bg5 Qa5 8. Bxd3
Nc6 9. Nbd2 h6 10. Bh4 Nge7 11. Nc4 Qc5 12. Bg3 O-O 13. Bd6 Qh5 14. Qa3 f5 15.
Nb6 axb6 16. Qxa8 Qg4 17. O-O fxe4 18. h3 Qf5 19. Bc2 Re8 20. Qa4 Qf7 21. Qxe4
Nf5 22. Rad1 Nce7 23. Ne5 Qf6 24. Rfe1 Nxd6 25. Rxd6 Nf5 26. Rxb6 Rf8 27. Re2 d6
28. Nf3 Qd8 29. Rb4 Rf6 30. a4 Bf8 31. Qd3 d5 32. Rf4 Bd6 33. Ne5 Qc7 34. Ng4
Rf8 35. Rf3 b6 36. Re1 Qg7 37. Qd2 Kh7 38. Ne3 Rg8 39. g3 Ne7 40. Ng4 Nf5 41. c4
d4 42. Be4 Qf8 43. Re2 Bb4 44. Qd3 Qg7 45. b3 Rd8 46. Ne5 Bd6 47. Nc6 Rd7 48. b4
Bb7 49. a5 bxa5 50. c5 axb4 51. cxd6 Nxd6 52. Nxb4 Nxe4 53. Rxe4 Rc7 54. Rxe6
Rc3 55. Rxg6 Rc1+ 56. Kh2 Qxg6 57. Rf7+ Kh8 58. Qxd4+ Kg8 59. Rxb7 1-0

[Event "I Hotel Nazari GM 2014"]
[Site "Granada ESP"]
[Date "2014.04.20"]
[Round "9.5"]
[White "Trent, Lawrence"]
[Black "Ninov, Nikolai"]
[Result "1-0"]
[WhiteTitle "IM"]
[BlackTitle "GM"]
[WhiteElo "2468"]
[BlackElo "2462"]
[WhiteFideId "408638"]
[BlackFideId "2900424"]
[EventDate "2014.04.15"]

1. e4 c5 2. Nf3 d6 3. Bb5+ Bd7 4. Bxd7+ Qxd7 5. O-O Nf6 6. Re1 Nc6 7. c3 e6 8.
d4 cxd4 9. cxd4 d5 10. e5 Ne4 11. a3 Be7 12. Nbd2 Nxd2 13. Bxd2 O-O 14. Rc1 Rac8
15. Rc3 Nb8 16. Rd3 Qc6 17. Bc3 Nd7 18. h4 h6 19. Nh2 Bxh4 20. Qh5 Bg5 21. Rg3
g6 22. Rxg5 hxg5 23. Qh6 f5 24. Qxg6+ Kh8 25. Nf3 Rce8 26. Nxg5 Re7 27. Re3 Rg7
28. Rh3+ Kg8 29. Qh6 1-0